[Event "18th American Continental"]
[Site "Foz do Iguacu BRA"]
[Date "2025.05.29"]
[Round "9.2"]
[White "Avila Pavas, Santiago"]
[Black "Shankland, Sam"]
[Result "1/2-1/2"]
[WhiteTitle "GM"]
[BlackTitle "GM"]
[WhiteElo "2469"]
[BlackElo "2666"]
[WhiteFideId "4437128"]
[BlackFideId "2004887"]
[EventDate "2025.05.23"]

1. e4 d6 2. d4 Nf6 3. Nc3 e5 4. Nf3 Nbd7 5. h3 c6 6. a4 Be7 7. Bc4 O-O 8. O-O h6
9. Re1 Re8 10. Ba2 exd4 11. Nxd4 Bf8 12. Bf4 a5 13. Nf5 Ne5 14. Qd4 Be6 15. Rad1
Qc7 16. Nxd6 Bxd6 17. Qxd6 Qxd6 18. Rxd6 Bxa2 19. Bxe5 Rxe5 20. Nxa2 Rxe4 21.
Rxe4 Nxe4 22. Rd4 Nc5 23. Nc3 Re8 24. Kf1 f5 25. g4 Kf7 26. f3 Ne6 27. Rc4 Rd8
28. gxf5 Nd4 29. Ne4 Nxf3 30. Rc5 Nd2+ 31. Nxd2 Rxd2 32. c4 Rxb2 33. Rxa5 Rb4
34. Ra7 Kf6 35. a5 h5 36. Kf2 c5 37. h4 Rxc4 38. Rxb7 Rxh4 39. a6 Ra4 40. a7 c4
41. Kg3 c3 42. Rc7 c2 43. Rxc2 Kxf5 44. Rc5+ Kg6 45. Rc6+ Kg5 46. Rc5+ Kh6 47.
Rc7 h4+ 48. Kh3 g5 49. Rc4 Rxa7 50. Kg4 Ra6 51. Rb4 Kg6 52. Rc4 Kf6 53. Rb4 Rd6
54. Ra4 Re6 55. Rb4 Re5 56. Rb6+ Re6 57. Rb4 Rd6 58. Ra4 Rd8 59. Ra6+ Ke5 60.
Kxg5 h3 61. Kg4 Rh8 62. Ra5+ Kd4 63. Ra4+ Kd5 64. Ra5+ Kc4 65. Ra4+ 1/2-1/2

[Event "18th American Continental"]
[Site "Foz do Iguacu BRA"]
[Date "2025.05.29"]
[Round "9.3"]
[White "Oparin, Grigoriy"]
[Black "Coro, Lucas"]
[Result "1-0"]
[WhiteTitle "GM"]
[BlackTitle "IM"]
[WhiteElo "2660"]
[BlackElo "2434"]
[WhiteFideId "24125890"]
[BlackFideId "147222"]
[EventDate "2025.05.23"]

1. e4 e5 2. Nf3 Nc6 3. Bc4 d6 4. O-O Be7 5. a4 Nf6 6. d3 Na5 7. Ba2 c5 8. c3 O-O
9. Na3 h6 10. h3 Nc6 11. Bd2 Be6 12. Bxe6 fxe6 13. b4 b6 14. Nc4 Qc7 15. Re1
Rfe8 16. b5 Nd8 17. a5 Nf7 18. Qb3 Bf8 19. axb6 axb6 20. Ra6 Rab8 21. Ne3 Qd7
22. Ng4 Nxg4 23. hxg4 Be7 24. Rea1 Bf6 25. Ra7 Rb7 26. Rxb7 Qxb7 27. Ra6 d5 28.
Qa4 Re7 29. Be3 Rd7 30. Ra8+ Kh7 31. Re8 dxe4 32. dxe4 Nd6 33. Rxe6 Qxe4 34. Qd1
Be7 35. Rxe7 Rxe7 36. Qxd6 Ra7 37. Nxe5 Qb1+ 38. Kh2 Qxb5 39. Qg6+ Kg8 40. Qe6+
Kh7 41. g5 hxg5 42. Nf3 Qd7 43. Nxg5+ Kh8 44. Qxb6 1-0

[Event "18th American Continental"]
[Site "Foz do Iguacu BRA"]
[Date "2025.05.29"]
[Round "9.4"]
[White "Cardoso Cardoso, Jose Gabriel"]
[Black "Martinez Alcantara, Jose Eduardo"]
[Result "1/2-1/2"]
[WhiteTitle "GM"]
[BlackTitle "GM"]
[WhiteElo "2516"]
[BlackElo "2611"]
[WhiteFideId "4430492"]
[BlackFideId "3805662"]
[EventDate "2025.05.23"]

1. d4 d5 2. c4 e6 3. Nc3 a6 4. cxd5 exd5 5. Bf4 c6 6. e3 Bd6 7. Qf3 Nf6 8. h3
Bxf4 9. Qxf4 Nbd7 10. Bd3 O-O 11. Nge2 Re8 12. O-O Qe7 13. Qc7 Rf8 14. Ng3 Ne8
15. Qf4 Nd6 16. Nf5 Nxf5 17. Bxf5 Nf6 18. Bd3 g6 19. Na4 Nh5 20. Qh2 Be6 21. Nc5
Rae8 22. b4 Bc8 23. Be2 Ng7 24. Nd3 f5 25. a4 g5 1/2-1/2

[Event "18th American Continental"]
[Site "Foz do Iguacu BRA"]
[Date "2025.05.29"]
[Round "9.5"]
[White "Henriquez Villagra, Cristobal"]
[Black "Diamant, Andre"]
[Result "1-0"]
[WhiteTitle "GM"]
[BlackTitle "GM"]
[WhiteElo "2597"]
[BlackElo "2487"]
[WhiteFideId "3409350"]
[BlackFideId "2108356"]
[EventDate "2025.05.23"]

1. d4 d5 2. c4 e6 3. Nf3 Nf6 4. g3 Bb4+ 5. Bd2 Bxd2+ 6. Nbxd2 O-O 7. Bg2 b6 8.
O-O Bb7 9. b4 dxc4 10. Nxc4 Qe7 11. Qb3 Bd5 12. Nfe5 c5 13. bxc5 bxc5 14. Qa3
Bxg2 15. Kxg2 Qb7+ 16. Qf3 Qxf3+ 17. Nxf3 Nbd7 18. Rfd1 Rab8 19. Rac1 cxd4 20.
Nxd4 Rfc8 21. Nd6 Rxc1 22. Rxc1 g5 23. Rc7 a6 24. Nc6 Rb2 25. e4 g4 26. h3 Nc5
27. e5 Nfe4 28. hxg4 Rxf2+ 29. Kg1 Rxa2 30. Rc8+ Kg7 31. Ne7 Ra1+ 32. Kg2 Ra2+
33. Kf3 Ng5+ 34. Ke3 Nd7 35. Rg8+ Kh6 36. Ndf5+ 1-0

[Event "18th American Continental"]
[Site "Foz do Iguacu BRA"]
[Date "2025.05.29"]
[Round "9.6"]
[White "Campos Gomez, Manuel"]
[Black "Mareco, Sandro"]
[Result "1/2-1/2"]
[WhiteTitle "IM"]
[BlackTitle "GM"]
[WhiteElo "2355"]
[BlackElo "2585"]
[WhiteFideId "4444710"]
[BlackFideId "112275"]
[EventDate "2025.05.23"]

1. d4 Nf6 2. c4 e6 3. Nf3 d5 4. g3 Bb4+ 5. Bd2 Be7 6. Bg2 O-O 7. O-O Nbd7 8. Bc3
Ne4 9. Nfd2 Ndf6 10. Qc2 Nxc3 11. Nxc3 c6 12. e3 b6 13. a3 Bb7 14. b4 Qc7 15.
Rfc1 Rac8 16. Qb2 Qb8 17. a4 Ba8 18. Rab1 dxc4 19. Nxc4 Nd5 20. Na2 Rfd8 21. a5
Bf6 22. Qe2 g6 23. Rc2 Bg7 24. Nc1 bxa5 25. Nxa5 c5 26. dxc5 Nc3 27. Rxc3 Bxc3
28. Bxa8 Qxa8 29. c6 Rd5 30. Qc4 Rd1+ 31. Kg2 Bd2 32. Qc2 Rxc1 33. Rxc1 Bxc1 34.
Qxc1 Qb8 35. Qc5 Qc7 36. h4 h5 37. Kh2 Kh7 38. Kg2 Rd8 39. Nb7 Rb8 40. b5 Rxb7 1/2-1/2

[Event "18th American Continental"]
[Site "Foz do Iguacu BRA"]
[Date "2025.05.29"]
[Round "9.7"]
[White "Jacobson, Brandon"]
[Black "Hungaski, Robert"]
[Result "1-0"]
[WhiteTitle "GM"]
[BlackTitle "GM"]
[WhiteElo "2582"]
[BlackElo "2477"]
[WhiteFideId "30901561"]
[BlackFideId "2021030"]
[EventDate "2025.05.23"]

1. Nf3 d5 2. e3 c6 3. c4 Nf6 4. d4 g6 5. Nc3 Bg7 6. Be2 O-O 7. O-O Ne4 8. a4
Nxc3 9. bxc3 c5 10. cxd5 Qxd5 11. Ba3 Nd7 12. Nd2 Rb8 13. e4 Qc6 14. Rc1 b6 15.
d5 Qc7 16. c4 Nf6 17. f4 e5 18. f5 Ne8 19. Rc3 Qe7 20. Rh3 Nd6 21. g4 Bd7 22.
Bd3 f6 23. Kh1 a5 24. Bc1 Qe8 25. Bc2 Rf7 26. Rg1 g5 27. Rh5 h6 28. h4 Kf8 29.
Kg2 Ke7 30. Bb3 Kd8 31. Re1 Kc7 32. Nb1 Qe7 33. Nc3 Rg8 34. Be3 gxh4 35. Rxh4
Bf8 36. Kf3 Rh7 37. Reh1 Be8 38. Ke2 h5 39. Qg1 Nc8 40. d6+ Qxd6 41. Nb5+ Bxb5
42. cxb5 Rgg7 43. Rxh5 Rxh5 44. Rxh5 c4 45. Bxc4 Qb4 46. Bd5 Bc5 47. Qc1 Ne7 48.
Qc4 Qb2+ 49. Kf3 Qa3 50. Qb3 Qxb3 51. Bxb3 Bxe3 52. Kxe3 Rxg4 53. Be6 Rg3+ 54.
Kf2 Ra3 55. Rh8 Rxa4 56. Re8 Kd6 57. Rd8+ Kc5 58. Rd7 Rxe4 59. Rxe7 a4 60. Rf7
a3 61. Ra7 Kb4 62. Ra6 Rh4 63. Rxb6 Rh3 64. Rb8 e4 65. b6 Kb5 66. b7 Kb6 67. Bd5
Rf3+ 68. Ke2 Rxf5 69. Ra8 1-0

[Event "18th American Continental"]
[Site "Foz do Iguacu BRA"]
[Date "2025.05.29"]
[Round "9.8"]
[White "Proudian, Armen"]
[Black "Supi, Luis Paulo"]
[Result "0-1"]
[WhiteTitle "FM"]
[BlackTitle "GM"]
[WhiteElo "2410"]
[BlackElo "2566"]
[WhiteFideId "2130734"]
[BlackFideId "2106388"]
[EventDate "2025.05.23"]

1. e4 c5 2. Nf3 d6 3. d4 cxd4 4. Nxd4 Nf6 5. Nc3 a6 6. Be3 e5 7. Nb3 Be7 8. f3
O-O 9. Qd2 b5 10. O-O-O Bd7 11. Qf2 b4 12. Nd5 Nxd5 13. exd5 Bb5 14. Bb6 Qd7 15.
Ba5 Rc8 16. Bxb4 a5 17. Ba3 Qb7 18. Bxb5 Qxb5 19. Rhe1 Nd7 20. Qe2 Qb7 21. Kb1
Nb6 22. Qb5 Qa7 23. Nd2 Rab8 24. Qd3 Na4 25. c4 f5 26. Nb3 Nxb2 27. Bxb2 a4 28.
Nd4 exd4 29. Ka1 Bf6 30. Bxd4 Bxd4+ 31. Qxd4 Qc7 32. Rb1 Rxb1+ 33. Kxb1 h6 34.
g4 fxg4 35. Qxg4 Rb8+ 36. Kc2 Qb6 37. Kd3 Qb4 38. Rc1 Re8 39. Qd4 Qa3+ 40. Qc3
Qxa2 41. Qc2 Qa3+ 42. Qc3 Qc5 43. Qd4 Qc8 44. Kc3 Qb7 45. Kd3 a3 46. c5 Qb3+ 47.
Rc3 Qb1+ 48. Rc2 a2 49. Qa4 Qd1+ 50. Kc3 a1=Q+ 0-1

[Event "18th American Continental"]
[Site "Foz do Iguacu BRA"]
[Date "2025.05.29"]
[Round "9.9"]
[White "Fier, Alexandr"]
[Black "Schnaider, Ilan"]
[Result "1-0"]
[WhiteTitle "GM"]
[BlackTitle "IM"]
[WhiteElo "2556"]
[BlackElo "2388"]
[WhiteFideId "2107139"]
[BlackFideId "169013"]
[EventDate "2025.05.23"]

1. e4 c6 2. d4 d5 3. e5 c5 4. dxc5 e6 5. Nf3 Bxc5 6. a3 f6 7. b4 Be7 8. Bb5+ Bd7
9. Bd3 fxe5 10. Nxe5 Nf6 11. O-O O-O 12. Nd2 Be8 13. Re1 Nbd7 14. Nxd7 Bxd7 15.
Bb2 a5 16. b5 Bc5 17. Nb3 Bd6 18. h3 a4 19. Nd2 Qa5 20. c4 Bf4 21. Nf3 dxc4 22.
Bxc4 Bxb5 23. Bxe6+ Kh8 24. Nd4 Bc6 25. g3 Bc7 26. Nxc6 bxc6 27. Qc2 Bb6 28. Re2
Qg5 29. Kg2 Nh5 30. Bg4 Qd5+ 31. Kh2 Nf6 32. Be6 Qf3 33. Be5 Rae8 34. Bd6 Nh5
35. Bxf8 Rxe6 36. Rxe6 Bxf2 37. Bd6 Bxg3+ 38. Kg1 Bxd6 39. Re8+ Bf8 40. Rf1 1-0

[Event "18th American Continental"]
[Site "Foz do Iguacu BRA"]
[Date "2025.05.29"]
[Round "9.10"]
[White "Rojas Salas, Steven"]
[Black "Tristan, Leonardo"]
[Result "1-0"]
[WhiteTitle "IM"]
[BlackTitle "GM"]
[WhiteElo "2343"]
[BlackElo "2536"]
[WhiteFideId "3819434"]
[BlackFideId "113816"]
[EventDate "2025.05.23"]

1. e4 e5 2. Nf3 Nc6 3. Bc4 Bc5 4. d3 Nf6 5. Nc3 d6 6. Na4 Bb6 7. Nxb6 axb6 8. c3
h6 9. h3 O-O 10. O-O Be6 11. Bxe6 fxe6 12. a4 Qe8 13. b4 Ne7 14. c4 Ng6 15. Kh2
Rd8 16. Qc2 Nh5 17. Ng1 Nh4 18. Qd1 Qg6 19. Qg4 Qxg4 20. hxg4 Nf6 21. g5 hxg5
22. Bxg5 Ng6 23. Nf3 Nf4 24. d4 Kf7 25. Bxf4 exf4 26. Ng5+ Ke7 27. d5 e5 28. f3
Nh5 29. Kg1 Ng3 30. Rfb1 Rh8 31. a5 Ra8 32. Kf2 bxa5 33. bxa5 Ra7 34. Ne6 b6 35.
axb6 Rxa1 36. Rxa1 cxb6 37. Nc7 Rc8 38. Ra7 Kf6 39. Ke1 g5 40. Nb5 Rxc4 41. Nxd6
Rd4 42. Ne8+ Kg6 43. Re7 b5 44. Re6+ Kh7 45. d6 b4 46. d7 b3 47. Rb6 Nh5 48. Nd6 1-0

[Event "18th American Continental"]
[Site "Foz do Iguacu BRA"]
[Date "2025.05.29"]
[Round "9.11"]
[White "Hardaway, Brewington"]
[Black "Tomiello, Lucas Costamilan"]
[Result "1/2-1/2"]
[WhiteTitle "GM"]
[BlackTitle "FM"]
[WhiteElo "2502"]
[BlackElo "2308"]
[WhiteFideId "30941849"]
[BlackFideId "22701940"]
[EventDate "2025.05.23"]

1. e4 c5 2. Nc3 Nc6 3. Nf3 e5 4. Bc4 d6 5. d3 Be7 6. Nd2 Nf6 7. Nf1 Bg4 8. f3
Be6 9. Ne3 O-O 10. O-O Re8 11. Ncd5 Nb4 12. Nxf6+ Bxf6 13. c3 Nc6 14. Nd5 Rb8
15. a4 Bg5 16. g3 Bxc1 17. Rxc1 a6 18. f4 exf4 19. gxf4 b5 20. axb5 axb5 21. Ba2
Ne7 22. Nxe7+ Qxe7 23. Bb1 f5 24. Qf3 b4 25. Rce1 Qf7 26. Rf2 bxc3 27. bxc3 Qf6
28. e5 dxe5 29. fxe5 Qf7 30. Qe3 Rb3 31. c4 Qe7 32. Bc2 Rb2 33. Ra1 Reb8 34. Ra6
R8b6 35. Ra8+ Rb8 36. Ra6 R8b6 37. Ra8+ Rb8 38. Ra6 R8b6 39. Ra8+ Rb8 40. Ra6
R8b6 41. Ra8+ Rb8 1/2-1/2

[Event "18th American Continental"]
[Site "Foz do Iguacu BRA"]
[Date "2025.05.29"]
[Round "9.12"]
[White "Shabalov, Alexander"]
[Black "Ribeiro, Matheus Mendes Domingues"]
[Result "1-0"]
[WhiteTitle "GM"]
[BlackTitle "FM"]
[WhiteElo "2483"]
[BlackElo "2294"]
[WhiteFideId "2008572"]
[BlackFideId "324226923"]
[EventDate "2025.05.23"]

1. e4 e6 2. d4 d5 3. Nc3 Nf6 4. e5 Nfd7 5. f4 c5 6. Nf3 Nc6 7. Be3 Be7 8. Qd2
O-O 9. dxc5 Nxc5 10. O-O-O Rb8 11. Nd4 Bd7 12. Kb1 Nxd4 13. Bxd4 b5 14. Bd3 b4
15. Ne2 Qc7 16. Rc1 Rfc8 17. g4 Qa5 18. b3 Rc7 19. Rhf1 Rbc8 20. f5 Bf8 21. h4
Ne4 22. Bxe4 dxe4 23. Qe3 Rc6 24. f6 Ra6 25. a4 bxa3 26. Ka2 Rac6 27. c4 Qc7 28.
Nc3 a5 29. h5 Ra8 30. fxg7 Be7 31. Qxe4 a4 32. Nxa4 Rxa4 33. Rxf7 Raxc4 34. bxc4
Rxc4 35. Rxe7 Rxc1 36. Qa8+ Qc8 37. Qxc8+ Bxc8 38. h6 Bd7 39. Rxd7 Rc2+ 40. Kb3 1-0

[Event "18th American Continental"]
[Site "Foz do Iguacu BRA"]
[Date "2025.05.29"]
[Round "9.13"]
[White "Matsuura, Everaldo"]
[Black "Villanueva, Mario"]
[Result "0-1"]
[WhiteTitle "GM"]
[BlackTitle "IM"]
[WhiteElo "2354"]
[BlackElo "2454"]
[WhiteFideId "2100169"]
[BlackFideId "113433"]
[EventDate "2025.05.23"]

1. c4 e6 2. Nf3 d5 3. e3 Nf6 4. Nc3 c5 5. d4 a6 6. a3 dxc4 7. Bxc4 b5 8. Be2
Nbd7 9. O-O Bb7 10. dxc5 Bxc5 11. b4 Be7 12. Bb2 O-O 13. Qb3 Qb6 14. Rfd1 Rac8
15. Rd2 Rc7 16. Rad1 Rfc8 17. h3 h6 18. Ba1 Kf8 19. Bb2 Ba8 20. Ba1 Qb7 21. Bf1
Qa7 22. Nd4 Qb7 23. Nf3 Qb8 24. Be2 Qb6 25. Bb2 Ke8 26. Nd4 Nd5 27. Nxd5 Bxd5
28. Qd3 Nf6 29. Bf3 Qb7 30. Bxd5 Qxd5 31. Nf3 Qxd3 32. Rxd3 Rc2 33. Bxf6 Bxf6
34. Rd6 Rd8 35. Rxd8+ Bxd8 36. Rd3 Rc1+ 37. Kh2 Rf1 38. Rd2 Ra1 39. Rd3 Bf6 40.
Nd4 Be5+ 41. f4 Bxd4 42. exd4 Ke7 43. Kg3 Kd6 44. d5 exd5 45. Kf3 Rf1+ 46. Ke3
Re1+ 47. Kf3 Re4 48. g3 g5 49. h4 f6 50. hxg5 hxg5 51. Rd1 Rc4 52. Kg4 Rc3 53.
Ra1 d4 54. fxg5 fxg5 55. Kxg5 Rxg3+ 56. Kf4 Re3 57. Rh1 Kd5 0-1

[Event "18th American Continental"]
[Site "Foz do Iguacu BRA"]
[Date "2025.05.29"]
[Round "9.14"]
[White "Caceres Benitez, Arturo Eduardo"]
[Black "Salinas Herrera, Pablo"]
[Result "1-0"]
[WhiteTitle "FM"]
[BlackTitle "GM"]
[WhiteElo "2313"]
[BlackElo "2447"]
[WhiteFideId "3710769"]
[BlackFideId "3407128"]
[EventDate "2025.05.23"]

1. e4 e5 2. Nf3 Nc6 3. Bb5 a6 4. Ba4 Nf6 5. O-O Be7 6. Qe2 b5 7. Bb3 O-O 8. a4
b4 9. a5 d6 10. c3 Be6 11. Bxe6 fxe6 12. d4 exd4 13. cxd4 Qd7 14. Nbd2 Kh8 15.
Nb3 Rab8 16. e5 Ng8 17. Qxa6 dxe5 18. Qc4 Rxf3 19. gxf3 Bd6 20. Be3 Qe8 21. Rfc1
Qg6+ 22. Kf1 Nge7 23. a6 Qh5 24. a7 Ra8 25. Qxe6 Qxf3 26. Nd2 Qh5 27. dxe5 Nxe5
28. Ra5 Qxh2 29. Rb5 h6 30. Rb8+ Kh7 31. Rxa8 Qh1+ 32. Ke2 Qxa8 33. Rxc7 Bxc7
34. Qxe7 Qb7 35. Qxc7 Qxc7 36. a8=Q Nc6 37. Qe8 Qb7 38. Qe4+ Kh8 39. Qd5 Qc8 40.
Ne4 Ne7 41. Qc5 Nc6 42. Nd6 Qa6+ 43. Kd2 b3 44. Nc4 Qb7 45. Kc3 Ne7 46. Nd6 Qf3
47. Nc4 Nd5+ 48. Kd4 Nf6 49. Qc8+ Kh7 50. Qe6 h5 51. Nd2 Qb7 52. Qf5+ Kh8 53.
Ne4 Qb6+ 54. Kd3 Qc6 55. Nc5 h4 56. Qg5 Qh1 57. Ke2 Qh3 58. Nd3 Kg8 59. Nf4 Qc8
60. Kf1 h3 61. Kg1 Qc2 62. Ne6 Kf7 63. Nxg7 Qxb2 64. Nf5 Qe5 65. Qg7+ Ke6 66.
Nd4+ Kd6 67. Qb7 Ne4 68. Qb8+ Kd5 69. Qxb3+ Kd6 70. Qb8+ Kd5 71. Qb7+ Kd6 72.
Bf4 1-0

[Event "18th American Continental"]
[Site "Foz do Iguacu BRA"]
[Date "2025.05.29"]
[Round "9.31"]
[White "Baules Rodriguez, Jorge Luis"]
[Black "Molina Sumoza, Jesus Alberto"]
[Result "0-1"]
[WhiteTitle "IM"]
[BlackTitle "CM"]
[WhiteElo "2257"]
[BlackElo "2025"]
[WhiteFideId "6600247"]
[BlackFideId "3901874"]
[EventDate "2025.05.23"]

1. c4 Nf6 2. Nc3 d5 3. cxd5 Nxd5 4. Nf3 g6 5. d4 Bg7 6. e4 Nxc3 7. bxc3 c5 8.
Rb1 O-O 9. Be2 Qc7 10. O-O b6 11. Qb3 Ba6 12. Bxa6 Nxa6 13. Be3 cxd4 14. cxd4 e6
15. Rfe1 Rac8 16. h4 Rfe8 17. Qa3 Qb7 18. h5 Rc2 19. hxg6 hxg6 20. Rbc1 Rcc8 21.
Bf4 Rxc1 22. Bxc1 Bf8 23. Qb3 Bb4 24. Re2 Rc8 25. Bf4 Rc3 26. Qd1 Bf8 27. Ng5
Nb4 28. Rd2 Qd7 29. Qg4 Rc1+ 30. Kh2 Rc2 31. Qh3 Bg7 32. d5 Rxd2 33. dxe6 fxe6
34. Bxd2 Bf6 35. Bxb4 Bxg5 36. Qg4 Qc7+ 37. g3 Qe5 38. Qf3 Qf6 39. Qe2 Qd4 40.
Be1 Kf7 41. Qc2 Qc5 42. Qd3 Bf6 43. Kg2 Qd4 44. Qc2 Be5 45. Bd2 Qb2 46. Qd3 Qd4
47. Qf3+ Kg7 48. Bg5 Bf6 49. Bf4 Be5 50. Be3 Qb2 51. a4 Qb4 52. Qg4 Qxa4 53. Qh4
Kf7 54. Qh7+ Bg7 55. Qh4 Qd7 56. Qf4+ Kg8 57. Qb8+ Kh7 58. Bf4 b5 59. Bd6 Qc6
60. f3 Qc2+ 61. Kh3 Qd1 62. Qc7 Qxf3 63. Kh2 Qe2+ 64. Kg1 Qxe4 65. Bf8 Qd4+ 66.
Kg2 b4 67. Qe7 b3 68. Bxg7 Qxg7 69. Qxe6 Qb7+ 70. Kh2 b2 71. Qf6 b1=Q 72. Qh4+
Kg7 73. Qd4+ Kf7 74. Qc4+ Ke7 75. Qc5+ Kd7 76. Qd4+ Kc6 77. Qc4+ Kd6 78. Qf4+
Ke6 79. Qc4+ Qd5 80. Qc8+ Ke5 81. Qh8+ Ke4 82. Qe8+ Kf3 83. Qf8+ Qbf5 84. Qa3+
Qdd3 0-1

[Event "18th American Continental"]
[Site "Foz do Iguacu BRA"]
[Date "2025.05.29"]
[Round "9.32"]
[White "Garcia Pantoja, Roberto"]
[Black "De Oliveira, Yuri Garcia"]
[Result "1-0"]
[WhiteTitle "GM"]
[WhiteElo "2531"]
[BlackElo "2001"]
[WhiteFideId "3509265"]
[BlackFideId "22762000"]
[EventDate "2025.05.23"]

1. e4 c5 2. Nf3 d6 3. d4 cxd4 4. Nxd4 Nf6 5. Nc3 a6 6. Bg5 e6 7. Qf3 Nbd7 8.
O-O-O Qc7 9. Bd3 b5 10. Rhe1 Be7 11. Qg3 O-O 12. f4 b4 13. Nd5 Nxd5 14. exd5
Bxg5 15. Qxg5 Nf6 16. dxe6 Bxe6 17. Nxe6 fxe6 18. Rxe6 d5 19. Rxf6 1-0

[Event "18th American Continental"]
[Site "Foz do Iguacu BRA"]
[Date "2025.05.29"]
[Round "9.33"]
[White "Quintiliano, Renato R."]
[Black "Mayta Aiza, Maveric"]
[Result "1/2-1/2"]
[WhiteTitle "GM"]
[BlackTitle "CM"]
[WhiteElo "2511"]
[BlackElo "2184"]
[WhiteFideId "2117568"]
[BlackFideId "3307336"]
[EventDate "2025.05.23"]

1. Nf3 Nf6 2. c4 c6 3. Nc3 d5 4. e3 g6 5. d4 Bg7 6. Be2 O-O 7. O-O Re8 8. b3
Nbd7 9. Bb2 Ne4 10. Qc2 Ndf6 11. Bd3 Bf5 12. Ne2 e6 13. Rad1 a5 14. a4 Nd7 15.
Ne1 Qg5 16. Bc1 Qe7 17. f3 Nd6 18. Ba3 Bxd3 19. Nxd3 Nf6 20. Nf2 e5 21. e4 exd4
22. cxd5 cxd5 23. Nxd4 Rac8 24. Qe2 Qe5 25. g3 Nf5 26. Nxf5 gxf5 27. Bb2 Qe7 28.
Bxf6 Qxf6 29. Rxd5 fxe4 30. fxe4 Rc3 31. Qb5 Qc6 32. Rfd1 Qxb5 33. Rxb5 Bf8 34.
Ng4 Re6 35. Rxb7 Bc5+ 36. Kg2 h5 37. Rd8+ Kg7 38. Rdd7 hxg4 39. Rxf7+ Kg6 40.
Rg7+ Kf6 41. Rxg4 Ke5 42. Rb5 Rc2+ 43. Kh3 Rh6+ 44. Rh4 Rxh4+ 45. Kxh4 Rxh2+ 46.
Kg4 Rc2 47. Rxa5 Kxe4 48. Rb5 Rc3 49. Kh5 Rxg3 50. Rxc5 Rxb3 51. Rb5 Rxb5+ 52.
axb5 Kd5 53. b6 Kc6 54. b7 Kxb7 1/2-1/2

[Event "18th American Continental"]
[Site "Foz do Iguacu BRA"]
[Date "2025.05.29"]
[Round "9.34"]
[White "Do Valle Cardoso, Lucas"]
[Black "Sanhueza, Cristian"]
[Result "0-1"]
[WhiteTitle "IM"]
[BlackTitle "FM"]
[WhiteElo "2411"]
[BlackElo "2182"]
[WhiteFideId "2163144"]
[BlackFideId "116815"]
[EventDate "2025.05.23"]

1. d4 Nf6 2. Bg5 g6 3. Bxf6 exf6 4. e3 d5 5. g3 Bd6 6. Bg2 h5 7. h4 c6 8. Nd2
Be6 9. Ne2 Nd7 10. Qc1 Rc8 11. c3 O-O 12. O-O Re8 13. c4 c5 14. cxd5 Bg4 15. Nc3
cxd4 16. exd4 f5 17. Re1 Qf6 18. Nb3 Nb6 19. f4 a5 20. Nxa5 Qxd4+ 21. Kh2 g5 22.
Rxe8+ Rxe8 23. Nb5 Qf2 24. Nxd6 Re3 25. Qf1 Qxg3+ 26. Kh1 Re2 27. fxg5 Rxg2 28.
Qxg2 Bf3 0-1

[Event "18th American Continental"]
[Site "Foz do Iguacu BRA"]
[Date "2025.05.29"]
[Round "9.35"]
[White "Luz, Arthur Nader"]
[Black "Spata, German"]
[Result "0-1"]
[BlackTitle "FM"]
[WhiteElo "2184"]
[BlackElo "2376"]
[WhiteFideId "2148838"]
[BlackFideId "113026"]
[EventDate "2025.05.23"]

1. e4 e6 2. d4 d5 3. e5 c5 4. c3 Qb6 5. Nf3 Bd7 6. Be2 cxd4 7. cxd4 Bb5 8. O-O
Bxe2 9. Qxe2 Nc6 10. Nc3 Nge7 11. Be3 Nf5 12. g4 Nxe3 13. fxe3 Be7 14. Rf2 O-O
15. g5 Qa6 16. Qxa6 bxa6 17. a3 Na5 18. e4 dxe4 19. Nxe4 Rac8 20. Rd1 Nc4 21.
Rd3 Nb6 22. Nc3 Rc7 23. Kg2 Rd8 24. Kg3 Rc4 25. Rfd2 Rdc8 26. d5 Bxa3 27. bxa3
Rxc3 28. Rxc3 Rxc3 29. d6 Rc8 30. Nd4 Rc3+ 31. Kf2 Kf8 32. Nf3 Ke8 33. Rb2 Rc4
34. Ke2 Kd7 35. Kd3 Ra4 36. Rc2 Rxa3+ 37. Rc3 Rxc3+ 38. Kxc3 Kc6 39. Kd4 a5 40.
g6 hxg6 41. Ng5 f6 42. Nxe6 fxe5+ 43. Kxe5 a4 44. Nd4+ Kc5 45. Ne6+ Kc4 46. Nc7
a3 47. Nd5 a2 48. Nxb6+ axb6 0-1

[Event "18th American Continental"]
[Site "Foz do Iguacu BRA"]
[Date "2025.05.29"]
[Round "9.36"]
[White "Filgueiras, Nathan Felipe"]
[Black "Lira, Suan Bruno Fernandes"]
[Result "1/2-1/2"]
[WhiteTitle "IM"]
[WhiteElo "2370"]
[BlackElo "2163"]
[WhiteFideId "2188562"]
[BlackFideId "22794620"]
[EventDate "2025.05.23"]

1. e4 c5 2. Nc3 Nc6 3. Nge2 Nf6 4. d4 cxd4 5. Nxd4 e5 6. Ndb5 d6 7. Bg5 a6 8.
Na3 b5 9. Bxf6 gxf6 10. Nd5 f5 11. exf5 Bxf5 12. Bd3 Be6 13. Be4 Rc8 14. c3 Bg7
15. Qd3 Ne7 16. Nxe7 Qxe7 17. O-O Rc5 18. b4 Rc7 19. Rfd1 d5 20. Bxd5 Bxd5 21.
Qxd5 O-O 22. Rac1 Rfc8 23. Nb1 Rc4 24. g3 Bh6 25. Nd2 R4c6 26. Qf3 Qe6 27. Rc2
f5 28. Nb3 e4 29. Qh5 Qg6 30. Qe2 f4 31. Nc5 Rxc5 32. bxc5 f3 33. Qf1 e3 34. Qh3
Re8 35. Qd7 e2 36. Re1 Bg5 37. Qd5+ Kh8 38. h4 Bxh4 39. Qxf3 Qxc2 40. gxh4 Qg6+
41. Kh2 Qe6 42. Qf4 Qe7 43. Qd4+ Qg7 44. c6 Kg8 45. Qxg7+ Kxg7 46. c7 Rc8 47.
Rxe2 Rxc7 48. Re6 a5 49. Re3 Rc4 50. Kg3 Kf6 51. f4 h5 52. Kf3 Rc5 53. Rd3 Kf5
54. a3 a4 55. Re3 Rd5 1/2-1/2

[Event "18th American Continental"]
[Site "Foz do Iguacu BRA"]
[Date "2025.05.29"]
[Round "9.37"]
[White "Palacio, Igor Da Paz"]
[Black "Ticona Rocabado, Licael Roderick"]
[Result "0-1"]
[BlackTitle "IM"]
[WhiteElo "2165"]
[BlackElo "2359"]
[WhiteFideId "2121140"]
[BlackFideId "3319113"]
[EventDate "2025.05.23"]

1. Nf3 d5 2. g3 c5 3. Bg2 Nc6 4. d3 e5 5. O-O Nf6 6. c4 Be7 7. Bg5 d4 8. a3 O-O
9. e3 h6 10. Bxf6 Bxf6 11. exd4 exd4 12. Nfd2 Bf5 13. Ne4 Be7 14. f4 Qd7 15.
Nbd2 Rfe8 16. Nf2 Bg6 17. Re1 Bf8 18. Qf3 Re3 19. Rxe3 dxe3 20. Qxe3 Re8 21.
Bxc6 bxc6 22. Qf3 Qd4 23. f5 Re3 24. Nb3 Qxd3 25. Nxd3 Rxf3 26. fxg6 Rxd3 27.
gxf7+ Kxf7 28. Rf1+ Ke8 29. Na5 Rd6 30. Nb3 Rd8 31. Na5 Rc8 32. Rf3 Be7 33. Rb3
Kd7 34. Rb7+ Kd6 35. Kf1 Bf6 36. Ke2 Bd4 37. Kd3 Rf8 38. b4 Rf3+ 39. Ke4 Re3+
40. Kf5 Rxa3 0-1